000 00663cam a2200193 i 4500
005 20251126123741.0
008 250721s2000 ua gr 000 0 ara d
082 1 4 _a211.8
_bع ز ي
100 1 _aأبو عزيز، سعد يوسف
_eمعد .
245 1 0 _a63 قصة من نهاية الظالمين /
_cجمع واعداد سعد يوسف ابو عزيز.
250 _aالطبعه الاولى.
264 3 1 _aالقاهرة :
_bدار الفجر للتراث،
_c2000.
300 _a184صفحه .
650 1 7 _aالعذاب.
650 1 7 _aالقرآن الكريم.
650 1 7 _aقصص القرآن.
942 _2ddc
_cBK
999 _c99166
_d99166